• 首页
  • 本馆介绍
  • 公告通知
  • 最新文献
  • 馆藏检索
  • 电子资源
  • 读者导购
  • 参考咨询
  • 我的图书馆
  • 登录
  • 详细信息显示
  • 放入我的书架
  • 预约/预借图书
  • 作者相关作品
  • 分类相关作品
  • 丛书相关作品
  • 出版社相关作品

书目信息

  • 表格格式
  • 工作单格式
  • 卡片格式
题名:
理解与治疗厌食症
    
 
作者: 孔布 著 ;俞楠 译
分册:  
出版信息: 上海   上海社会科学院出版社  2018
页数: xi, 394页
开本: 21cm
丛书名: 法国当代心理治疗系列
单 册:
中图分类: R749.920.5
科图分类:
主题词: 神经性厌食症--shen jing xing yan shi zheng--治疗
电子资源:
ISBN: 978-7-5520-2375-6
000 01562cam 2200301 450
001 012001002044
005 20131109155413.0
010    @a978-7-5520-2375-6@dCNY55.00
099    @aCAL 012018135316
100    @a20181029d2018 em y0chiy50 ea
101 1  @achi@cfre
102    @aCN@b310000
105    @aa a 000yy
106    @ar
200 1  @a理解与治疗厌食症@Ali jie yu zhi liao yan shi zheng@f(法) 柯莱特·孔布著@d= Soigner l'anorexie@fColette Combe@g俞楠译@zfre
210    @a上海@c上海社会科学院出版社@d2018
215    @axi, 394页@c图@d21cm
225 2  @a法国当代心理治疗系列@Afa guo dang dai xin li zhi liao xi lie@h第二辑
320    @a有书目 (第387-390页)
330    @a厌食症是一种神秘的疾病,它的复杂性使其失去了所有常规的治疗标志。尽管慌张,人们必须在这纷繁的混乱中找出一条治疗途径,因为在这混乱中死亡的欲望和治愈的力量并存,人们需要调动治愈的力量。关键之处在于能陪同患者并帮助他们找出能够说明转变、拒绝、落差以及确认行为的准确词汇。《理解与治疗厌食症》向读者展示了如何带着希望陪伴一种痛苦,而这种痛苦往往在很久之后才能找到意义。事实上,治疗的目的不仅仅在于治愈症状,它首先关注的是这些患者生存困境的变化,让他们可以摆脱被他人控制的恐惧,从而迎接与他人的正常互动,乃至亲密互动与交往。
410  0 @12001 @a法国当代心理治疗系列
500 10 @aSoigner l'anorexie@Asoigner l'anorexie@mChinese
606 0  @a神经性厌食症@Ashen jing xing yan shi zheng@x治疗
690    @aR749.920.5@v5
701  1 @a孔布@Akong bu@g(Combe, Colette)@4著
702  0 @a俞楠@Ayu nan@4译
801  0 @aCN@b北京卓展@c20191020
905    @b1199488-91@dR749.920.5@e230@f4
    
    理解与治疗厌食症/(法) 柯莱特·孔布著= Soigner l'anorexie/Colette Combe/俞楠译.-上海:上海社会科学院出版社,2018
    xi, 394页:图;21cm.-(法国当代心理治疗系列.第二辑)
    
    
    ISBN 978-7-5520-2375-6:CNY55.00
    厌食症是一种神秘的疾病,它的复杂性使其失去了所有常规的治疗标志。尽管慌张,人们必须在这纷繁的混乱中找出一条治疗途径,因为在这混乱中死亡的欲望和治愈的力量并存,人们需要调动治愈的力量。关键之处在于能陪同患者并帮助他们找出能够说明转变、拒绝、落差以及确认行为的准确词汇。《理解与治疗厌食症》向读者展示了如何带着希望陪伴一种痛苦,而这种痛苦往往在很久之后才能找到意义。事实上,治疗的目的不仅仅在于治愈症状,它首先关注的是这些患者生存困境的变化,让他们可以摆脱被他人控制的恐惧,从而迎接与他人的正常互动,乃至亲密互动与交往。
●
相关链接 在E读中查询图书 在五车中查询图书 在当当中查询图书 在豆瓣中查询图书


正题名:理解与治疗厌食症     索取号:R749.920.5/230         预约/预借

序号 登录号 条形码 馆藏地/架位号 状态 备注
1 1199488   211994886   第二样本阅览室/ [索取号:R749.920.5/230] 在馆    
2 1199489   211994895   第三借阅区/ [索取号:R749.920.5/230] 在馆    
3 1199490   211994902   第三借阅区/ [索取号:R749.920.5/230] 在馆    
4 1199491   211994911   第三借阅区/ [索取号:R749.920.5/230] 在馆    
唐山师范学院图书馆 欢迎您!
大连网信软件有限公司© 版权所有